000 01106nam a22002537a 4500
005 20170124102958.0
010 _aA-404459
020 _c85.00
035 _aA-404459
037 _bCen Lib/Ret
040 _aDPL
_bHN
082 _a
_bनोर्वेकी
245 _aनोर्वे की श्रेष्ठ कहानियां /
_c संपादन एवं अनुवाद पूर्णिमा चावला
246 _aNorve ki shreshth kahaniyan /
_bsampadan evam anuvaad Poornima Chawla
260 _bनेशनल पब्लिशिंग हाउस
_a नयी दिल्ली
_c1990
270 _b नयी दिल्ली
_a23, दरयागंज
_e110002
300 _a171पृ.:
_c19सेमी(सजिल्द )
_bसचित्र
650 _a साहित्य
_x
_z
_953795
650 _a कहानियां
_953796
650 _a literature
_96262
650 _a stories
_97500
700 _aचावला, पूर्णिमा
_953696
942 _2ddc
_cHN
_h
_mनोर्वेकी
999 _c113771
_d113771